| Tag |
First Indicator |
Second Indicator |
Subfields |
| LEADER |
00000cam a2200000 a 4500 |
| 001 |
in00000014894 |
| 005 |
20151007052921.0 |
| 008 |
870228s1986 nyua 00110 eng |
| 010 |
|
|
|a 87117298
|
| 020 |
|
|
|a 0517562588 :
|c $25.95
|
| 035 |
|
|
|a (OCoLC)14237034
|
| 035 |
|
|
|9 AAA9695AM
|
| 040 |
|
|
|a DLC
|c DLC
|d m/c
|d TXA
|d UtOrBLW
|
| 043 |
|
|
|a n-us---
|
| 049 |
|
|
|a TXAM
|c [A11057619]
|
| 050 |
0 |
0 |
|a PN2266
|b .B585 1986
|
| 082 |
0 |
|
|a 792/.0973
|2 19
|
| 100 |
1 |
|
|a Blum, Daniel C.
|
| 245 |
1 |
2 |
|a A pictorial history of the American theatre, 1860-1985 /
|c by Daniel Blum ; enlarged by John Willis.
|
| 250 |
|
|
|a New 6th ed.
|
| 264 |
|
1 |
|a New York :
|b Crown Publishers,
|c [1986]
|
| 264 |
|
4 |
|c ©1986
|
| 300 |
|
|
|a 496 pages :
|b illustrations ;
|c 32 cm.
|
| 336 |
|
|
|a text
|b txt
|2 rdacontent
|
| 337 |
|
|
|a unmediated
|b n
|2 rdamedia
|
| 338 |
|
|
|a volume
|b nc
|2 rdacarrier
|
| 500 |
|
|
|a Includes index.
|
| 650 |
|
0 |
|a Theater
|z United States
|x History
|x Pictorial works.
|
| 700 |
1 |
|
|a Willis, John A.
|
| 740 |
0 |
|
|a American theatre, 1860-1985.
|
| 999 |
|
|
|a MARS
|
| 999 |
f |
f |
|s e5c92fba-400a-3ca4-986d-82e4942233df
|i daa9a6f4-b9f2-316a-b6ca-b03e33cd76f4
|t 0
|
| 952 |
f |
f |
|p ric
|a Texas A&M University
|b Rellis Campus
|c Joint Library Facility
|d Remote Storage
|t 0
|e PN2266 .B585 1986
|h Library of Congress classification
|i unmediated -- volume
|m A14811057619
|
| 998 |
f |
f |
|a PN2266 .B585 1986
|t 0
|l Remote Storage
|